[Event "Grand Swiss "]
[Date "2025.09.04"]
[White "Rodshtein, Maxim"]
[Black "Abdisalimov, Abdimalik"]
[WhiteElo "2645"]
[BlackElo "2488"]
[Round "1.1.54"]
[Result "1-0"]

1. d4 {[%clk 01:40:56] [%emt 00:00:02]} Nf6 {[%clk 01:40:34] [%emt 00:00:26]} 2.
c4 {[%clk 01:41:12] [%emt 00:00:15]} e6 {[%clk 01:40:53] [%emt 00:00:10]} 3. Nf3
{[%clk 01:41:15] [%emt 00:00:28]} d5 {[%clk 01:40:58] [%emt 00:00:25]} 4. g3
{[%clk 01:41:05] [%emt 00:00:40]} Be7 {[%clk 01:41:19] [%emt 00:00:09]} 5. Bg2
{[%clk 01:40:48] [%emt 00:00:46]} O-O {[%clk 01:41:41] [%emt 00:00:09]} 6. Qd3
{[%clk 01:37:25] [%emt 00:03:53]} b6 {[%clk 01:17:10] [%emt 00:25:01]} 7. cxd5
{[%clk 01:36:13] [%emt 00:01:42]} exd5 {[%clk 01:16:28] [%emt 00:01:12]} 8. O-O
{[%clk 01:32:22] [%emt 00:04:20]} Bb7 {[%clk 01:15:32] [%emt 00:01:27]} 9. Nc3
{[%clk 01:29:37] [%emt 00:03:14]} Nbd7 {[%clk 01:12:18] [%emt 00:03:44]} 10. Bf4
{[%clk 01:15:35] [%emt 00:14:33]} Nh5 {[%clk 01:02:32] [%emt 00:10:17]} 11. Bd2
{[%clk 01:04:32] [%emt 00:11:33]} Nhf6 {[%clk 00:59:06] [%emt 00:03:55]} 12.
Rac1 {[%clk 01:01:07] [%emt 00:03:55]} Re8 {[%clk 00:58:31] [%emt 00:01:04]} 13.
Bf4 {[%clk 00:49:12] [%emt 00:12:26]} Nh5 {[%clk 00:38:12] [%emt 00:20:49]} 14.
Be5 {[%clk 00:26:54] [%emt 00:22:48]} c6 {[%clk 00:31:12] [%emt 00:07:30]} 15.
Rfd1 {[%clk 00:24:58] [%emt 00:02:26]} Nf8 {[%clk 00:28:57] [%emt 00:02:45]} 16.
a3 {[%clk 00:11:33] [%emt 00:13:55]} f6 {[%clk 00:10:42] [%emt 00:18:45]} 17.
Bf4 {[%clk 00:11:55] [%emt 00:00:08]} Nxf4 {[%clk 00:10:48] [%emt 00:00:24]} 18.
gxf4 {[%clk 00:12:20] [%emt 00:00:05]} Bd6 {[%clk 00:11:08] [%emt 00:00:10]} 19.
e3 {[%clk 00:12:00] [%emt 00:00:49]} g5 {[%clk 00:11:27] [%emt 00:00:10]} 20.
fxg5 {[%clk 00:08:42] [%emt 00:03:50]} fxg5 {[%clk 00:10:25] [%emt 00:01:32]}
21. Qf5 {[%clk 00:05:47] [%emt 00:03:25]} Ne6 {[%clk 00:04:13] [%emt 00:06:43]}
22. Ne2 {[%clk 00:04:26] [%emt 00:01:51]} Rc8 {[%clk 00:02:10] [%emt 00:02:32]}
23. Ng3 {[%clk 00:03:02] [%emt 00:01:53]} Rc7 {[%clk 00:02:35] [%emt 00:00:06]}
24. Qg4 {[%clk 00:01:30] [%emt 00:02:01]} Bc8 {[%clk 00:02:38] [%emt 00:00:29]}
25. Nf5 {[%clk 00:01:30] [%emt 00:00:28]} Kh8 {[%emt 00:01:57]} 26. Nxd6 {[%clk
00:01:23] [%emt 00:00:33]} Qxd6 {[%clk 00:01:44] [%emt 00:00:02]} 27. Qg3 {[%clk
00:01:40] [%emt 00:00:12]} Qe7 {[%clk 00:00:33] [%emt 00:01:42]} 28. b4 {[%clk
00:01:23] [%emt 00:00:47]} Bb7 {[%clk 00:00:32] [%emt 00:00:31]} 29. Qe5+ {[%clk
00:01:22] [%emt 00:00:30]} Qg7 {[%clk 00:00:36] [%emt 00:00:27]} 30. Rc3 {[%clk
00:00:48] [%emt 00:01:04]} g4 {[%clk 00:00:31] [%emt 00:00:36]} 31. Qxg7+ {[%clk
00:01:09] [%emt 00:00:08]} Rxg7 {[%clk 00:00:51] [%emt 00:00:10]} 32. Ne5 {[%clk
00:01:21] [%emt 00:00:18]} Nd8 {[%clk 00:01:11] [%emt 00:00:10]} 33. a4 {[%clk
00:00:59] [%emt 00:00:52]} Re6 {[%clk 00:01:01] [%emt 00:00:40]} 34. Rdc1 {[%clk
00:00:56] [%emt 00:00:33]} a6 {[%clk 00:01:11] [%emt 00:00:20]} 35. Nd3 {[%clk
00:00:37] [%emt 00:00:49]} Rd6 {[%clk 00:01:36] [%emt 00:00:05]} 36. Bf1 {[%clk
00:00:37] [%emt 00:00:30]} Ne6 {[%clk 00:00:47] [%emt 00:01:20]} 37. Be2 {[%clk
00:00:44] [%emt 00:00:23]} Ng5 {[%clk 00:00:45] [%emt 00:00:31]} 38. Kg2 {[%clk
00:00:58] [%emt 00:00:15]} h5 {[%clk 00:00:54] [%emt 00:00:21]} 39. Ne5 {[%clk
00:01:07] [%emt 00:00:22]} Rf6 {[%clk 00:01:13] [%emt 00:00:11]} 40. R3c2 {[%clk
00:00:40] [%emt 00:00:57]} Nh3 {[%clk 00:00:34] [%emt 00:01:09]} 41. Bd3 {[%clk
00:46:28] [%emt 00:04:42]} Kg8 {[%clk 00:40:10] [%emt 00:10:53]} 42. f4 {[%clk
00:34:51] [%emt 00:12:08]} h4 {[%clk 00:28:27] [%emt 00:12:14]} 43. Be2 {[%clk
00:19:55] [%emt 00:15:26]} Nxf4+ {[%clk 00:27:55] [%emt 00:01:01]} 44. exf4
{[%clk 00:20:19] [%emt 00:00:06]} Rxf4 {[%clk 00:28:23] [%emt 00:00:03]} 45. Rd2
{[%clk 00:14:52] [%emt 00:05:57]} g3 {[%clk 00:27:22] [%emt 00:01:30]} 46. Bf3
{[%clk 00:12:22] [%emt 00:03:00]} h3+ {[%clk 00:25:35] [%emt 00:02:18]} 47. Kg1
{[%clk 00:12:06] [%emt 00:00:45]} g2 {[%clk 00:25:37] [%emt 00:00:28]} 48. Rd3
{[%clk 00:09:28] [%emt 00:03:09]} a5 {[%clk 00:08:01] [%emt 00:18:05]} 49. b5
{[%clk 00:04:01] [%emt 00:05:56]} cxb5 {[%clk 00:04:51] [%emt 00:03:40]} 50.
axb5 {[%clk 00:04:26] [%emt 00:00:06]} a4 {[%clk 00:02:30] [%emt 00:02:52]} 51.
Be2 {[%clk 00:03:44] [%emt 00:01:11]} Re4 {[%clk 00:02:51] [%emt 00:00:09]} 52.
Rc2 {[%clk 00:03:19] [%emt 00:00:55]} Rh7 {[%clk 00:02:22] [%emt 00:00:58]} 53.
Ng4 {[%clk 00:01:57] [%emt 00:01:53]} Re6 {[%clk 00:01:04] [%emt 00:01:49]} 54.
Ne5 {[%clk 00:01:22] [%emt 00:01:04]} Rf6 {[%clk 00:01:24] [%emt 00:00:10]} 55.
Rg3+ {[%clk 00:01:24] [%emt 00:00:28]} Kf8 {[%clk 00:01:47] [%emt 00:00:07]} 56.
Bd3 {[%clk 00:01:21] [%emt 00:00:33]} a3 {[%clk 00:01:19] [%emt 00:00:59]} 57.
Ra2 {[%clk 00:00:37] [%emt 00:01:13]} Bc8 {[%clk 00:00:46] [%emt 00:01:03]} 58.
Rxa3 {[%clk 00:00:33] [%emt 00:00:35]} Rc7 {[%clk 00:01:06] [%emt 00:00:09]} 59.
Ra1 {[%clk 00:00:47] [%emt 00:00:16]} Rc3 {[%clk 00:01:03] [%emt 00:00:34]} 60.
Re1 {[%clk 00:00:33] [%emt 00:00:44]} Be6 {[%clk 00:00:37] [%emt 00:00:55]} 61.
Be2 {[%clk 00:08:19] [%emt 00:07:44]} Rc2 {[%clk 00:15:58] [%emt 00:00:09]} 62.
Bh5 {[%clk 00:05:35] [%emt 00:03:14]} Rb2 {[%clk 00:13:08] [%emt 00:03:21]} 63.
Ng6+ {[%clk 00:05:07] [%emt 00:00:57]} Kg7 {[%clk 00:13:37] [%emt 00:00:01]} 64.
Nf4+ {[%clk 00:05:09] [%emt 00:00:29]} Kh6 {[%clk 00:14:06] [%emt 00:00:01]} 65.
Nxe6 {[%clk 00:05:02] [%emt 00:00:36]} Rbf2 {[%clk 00:13:44] [%emt 00:00:53]}
66. Rxh3 {[%clk 00:04:57] [%emt 00:00:34]} 1-0

[Site "Europe Echecs"]

[Event "Grand Swiss "]
[Date "2025.09.04"]
[White "Nigmatov, Ortik"]
[Black "Vokhidov, Shamsiddin"]
[WhiteElo "2488"]
[BlackElo "2645"]
[Round "1.1.55"]
[Result "1/2-1/2"]

1. e4 {[%clk 01:40:52] [%emt 00:00:06]} c5 {[%clk 01:40:37] [%emt 00:00:24]} 2.
Nf3 {[%clk 01:41:06] [%emt 00:00:16]} e6 {[%clk 01:40:36] [%emt 00:00:31]} 3. d4
{[%clk 01:41:10] [%emt 00:00:26]} cxd4 {[%clk 01:41:01] [%emt 00:00:06]} 4. Nxd4
{[%clk 01:41:33] [%emt 00:00:06]} Nc6 {[%clk 01:41:07] [%emt 00:00:24]} 5. Nc3
{[%clk 01:41:48] [%emt 00:00:14]} Nf6 {[%clk 01:40:41] [%emt 00:00:57]} 6. Ndb5
{[%clk 01:37:27] [%emt 00:04:50]} d6 {[%clk 01:39:31] [%emt 00:01:40]} 7. Bf4
{[%clk 01:37:09] [%emt 00:00:49]} e5 {[%clk 01:39:55] [%emt 00:00:06]} 8. Bg5
{[%clk 01:37:35] [%emt 00:00:04]} a6 {[%clk 01:40:22] [%emt 00:00:04]} 9. Na3
{[%clk 01:37:24] [%emt 00:00:41]} b5 {[%clk 01:40:47] [%emt 00:00:05]} 10. Nd5
{[%clk 01:37:02] [%emt 00:00:52]} Be7 {[%clk 01:40:52] [%emt 00:00:24]} 11. Bxf6
{[%clk 01:36:42] [%emt 00:00:50]} Bxf6 {[%clk 01:41:17] [%emt 00:00:04]} 12. c3
{[%clk 01:25:01] [%emt 00:12:11]} Rb8 {[%clk 01:41:01] [%emt 00:00:47]} 13. Nc2
{[%clk 01:25:06] [%emt 00:00:24]} Bg5 {[%clk 01:41:27] [%emt 00:00:04]} 14. a4
{[%clk 01:19:13] [%emt 00:06:23]} bxa4 {[%clk 01:41:46] [%emt 00:00:11]} 15.
Ncb4 {[%clk 01:19:21] [%emt 00:00:22]} Nxb4 {[%clk 01:42:09] [%emt 00:00:07]}
16. cxb4 {[%clk 01:19:35] [%emt 00:00:16]} O-O {[%clk 01:42:32] [%emt 00:00:07]}
17. Rxa4 {[%clk 01:14:31] [%emt 00:05:35]} a5 {[%clk 01:42:00] [%emt 00:01:03]}
18. b5 {[%clk 01:13:13] [%emt 00:01:48]} Bd7 {[%clk 01:39:46] [%emt 00:02:44]}
19. h4 {[%clk 01:12:57] [%emt 00:00:45]} Be7 {[%clk 01:34:12] [%emt 00:06:05]}
20. b4 {[%clk 00:38:11] [%emt 00:35:16]} axb4 {[%clk 01:24:36] [%emt 00:10:06]}
21. Ra7 {[%clk 00:34:47] [%emt 00:03:53]} Bf6 {[%clk 01:17:06] [%emt 00:08:00]}
22. b6 {[%clk 00:16:25] [%emt 00:18:52]} Bc6 {[%clk 00:51:23] [%emt 00:26:13]}
23. Bc4 {[%clk 00:16:23] [%emt 00:00:32]} Rxb6 {[%clk 00:51:15] [%emt 00:00:39]}
24. Nxb6 {[%clk 00:16:37] [%emt 00:00:16]} Qxb6 {[%clk 00:51:41] [%emt
00:00:04]} 25. Ra6 {[%clk 00:16:18] [%emt 00:00:49]} Qb7 {[%clk 00:47:44] [%emt
00:04:26]} 26. Qxd6 {[%clk 00:11:44] [%emt 00:05:02]} Bxe4 {[%clk 00:45:32]
[%emt 00:02:44]} 27. Rb6 {[%clk 00:04:20] [%emt 00:07:54]} Qa8 {[%clk 00:42:34]
[%emt 00:03:28]} 28. O-O {[%clk 00:03:12] [%emt 00:01:39]} Bxg2 {[%clk 00:36:36]
[%emt 00:06:28]} 29. Bxf7+ {[%clk 00:02:49] [%emt 00:00:52]} Kxf7 {[%clk
00:29:37] [%emt 00:07:30]} 30. Qe6+ {[%clk 00:03:13] [%emt 00:00:05]} Kg6 {[%clk
00:30:03] [%emt 00:00:03]} 31. Qg4+ {[%clk 00:03:28] [%emt 00:00:16]} Kf7 {[%clk
00:30:30] [%emt 00:00:03]} 32. Qe6+ {[%clk 00:03:45] [%emt 00:00:13]} Kg6 {[%clk
00:30:56] [%emt 00:00:03]} 1/2-1/2

[Site "Europe Echecs"]

[Event "Grand Swiss "]
[Date "2025.09.04"]
[White "Svane, Frederik"]
[Black "Suyarov, Mukhammadzokhid"]
[WhiteElo "2643"]
[BlackElo "2482"]
[Round "1.1.56"]
[Result "1-0"]

1. c4 {[%clk 01:40:58] [%emt 00:00:02]} c6 {[%clk 01:39:03] [%emt 00:01:57]} 2.
Nf3 {[%clk 01:40:03] [%emt 00:01:26]} d5 {[%clk 01:38:43] [%emt 00:00:50]} 3. d4
{[%clk 01:40:15] [%emt 00:00:17]} Nf6 {[%clk 01:36:24] [%emt 00:02:49]} 4. e3
{[%clk 01:40:41] [%emt 00:00:05]} a6 {[%clk 01:32:43] [%emt 00:04:10]} 5. Bd3
{[%clk 01:26:57] [%emt 00:14:14]} g6 {[%clk 01:30:38] [%emt 00:02:35]} 6. O-O
{[%clk 01:26:14] [%emt 00:01:13]} Bg7 {[%clk 01:29:51] [%emt 00:01:17]} 7. Nc3
{[%clk 01:19:01] [%emt 00:07:43]} O-O {[%clk 01:28:09] [%emt 00:02:10]} 8. cxd5
{[%clk 01:17:32] [%emt 00:02:01]} cxd5 {[%clk 01:28:11] [%emt 00:00:28]} 9. Ne5
{[%clk 01:17:59] [%emt 00:00:03]} Nbd7 {[%clk 01:10:50] [%emt 00:17:51]} 10. f4
{[%clk 01:13:49] [%emt 00:04:39]} Nb6 {[%clk 01:09:54] [%emt 00:01:25]} 11. Bd2
{[%clk 00:50:15] [%emt 00:24:04]} Be6 {[%clk 01:07:07] [%emt 00:03:17]} 12. g4
{[%clk 00:43:42] [%emt 00:07:03]} Nc4 {[%clk 01:02:56] [%emt 00:04:41]} 13. Bxc4
{[%clk 00:42:26] [%emt 00:01:46]} dxc4 {[%clk 01:03:18] [%emt 00:00:08]} 14. Qf3
{[%clk 00:35:00] [%emt 00:07:56]} Nd7 {[%clk 00:58:11] [%emt 00:05:37]} 15. Rad1
{[%clk 00:34:52] [%emt 00:00:38]} f6 {[%clk 00:57:05] [%emt 00:01:36]} 16. Nxd7
{[%clk 00:32:59] [%emt 00:02:23]} Qxd7 {[%clk 00:56:56] [%emt 00:00:38]} 17. f5
{[%clk 00:33:21] [%emt 00:00:09]} Bf7 {[%clk 00:56:06] [%emt 00:01:19]} 18. d5
{[%clk 00:33:16] [%emt 00:00:35]} Qd6 {[%clk 00:44:58] [%emt 00:11:38]} 19. e4
{[%clk 00:31:53] [%emt 00:01:54]} Qb6+ {[%clk 00:38:33] [%emt 00:06:54]} 20. Be3
{[%clk 00:32:17] [%emt 00:00:05]} Qb4 {[%clk 00:33:27] [%emt 00:05:36]} 21. Rf2
{[%clk 00:32:05] [%emt 00:00:42]} Rfe8 {[%clk 00:28:08] [%emt 00:05:49]} 22. h4
{[%clk 00:32:16] [%emt 00:00:19]} Qd6 {[%clk 00:25:31] [%emt 00:03:07]} 23. Bf4
{[%clk 00:32:36] [%emt 00:00:10]} Qd7 {[%clk 00:25:07] [%emt 00:00:54]} 24. h5
{[%clk 00:22:23] [%emt 00:10:44]} b5 {[%clk 00:22:57] [%emt 00:02:40]} 25. h6
{[%clk 00:16:52] [%emt 00:06:01]} Bf8 {[%clk 00:21:22] [%emt 00:02:05]} 26. e5
{[%clk 00:17:13] [%emt 00:00:10]} fxe5 {[%clk 00:20:32] [%emt 00:01:19]} 27.
Bxe5 {[%clk 00:17:25] [%emt 00:00:18]} Rad8 {[%clk 00:20:22] [%emt 00:00:41]}
28. Qf4 {[%clk 00:14:10] [%emt 00:03:45]} Qb7 {[%clk 00:13:58] [%emt 00:06:54]}
29. Bd4 {[%clk 00:10:23] [%emt 00:04:16]} Qb8 {[%clk 00:13:25] [%emt 00:01:04]}
30. Be5 {[%clk 00:10:52] [%emt 00:00:01]} Qb7 {[%clk 00:12:10] [%emt 00:01:45]}
31. a3 {[%clk 00:04:56] [%emt 00:06:26]} a5 {[%clk 00:11:33] [%emt 00:01:07]}
32. Bd4 {[%clk 00:05:17] [%emt 00:00:09]} Qb8 {[%clk 00:11:39] [%emt 00:00:23]}
33. Be5 {[%clk 00:05:44] [%emt 00:00:03]} Qb7 {[%clk 00:11:56] [%emt 00:00:13]}
34. a4 {[%clk 00:03:49] [%emt 00:02:25]} bxa4 {[%clk 00:09:05] [%emt 00:03:20]}
35. Rdf1 {[%clk 00:03:19] [%emt 00:01:01]} Qd7 {[%clk 00:03:41] [%emt 00:05:54]}
36. Bd4 {[%clk 00:02:25] [%emt 00:01:24]} Qd6 {[%clk 00:03:57] [%emt 00:00:14]}
37. Be5 {[%clk 00:02:53] [%emt 00:00:02]} Qd7 {[%clk 00:04:00] [%emt 00:00:27]}
38. Rf3 {[%clk 00:01:18] [%emt 00:02:05]} Qb7 {[%clk 00:03:24] [%emt 00:01:05]}
39. R1f2 {[%clk 00:01:41] [%emt 00:00:07]} Qd7 {[%clk 00:03:16] [%emt 00:00:38]}
40. Kh2 {[%clk 00:01:10] [%emt 00:01:01]} Qb7 {[%clk 00:01:53] [%emt 00:06:49]}
41. Kg1 {[%clk 00:00:32] [%emt 00:03:08]} Qd7 {[%clk 00:45:50] [%emt 00:06:33]}
42. Qg5 {[%clk 00:38:10] [%emt 00:12:52]} Qc8 {[%clk 00:37:31] [%emt 00:08:49]}
43. Ne4 {[%clk 00:30:12] [%emt 00:08:28]} Rxd5 {[%clk 00:33:40] [%emt 00:04:21]}
44. fxg6 {[%clk 00:30:34] [%emt 00:00:08]} Rd1+ {[%clk 00:34:04] [%emt
00:00:06]} 45. Kh2 {[%clk 00:30:54] [%emt 00:00:09]} Bxg6 {[%clk 00:33:33] [%emt
00:01:03]} 46. Qxg6+ {[%clk 00:29:26] [%emt 00:01:57]} 1-0

[Site "Europe Echecs"]

[Event "Grand Swiss "]
[Date "2025.09.04"]
[White "Divya Deshmukh"]
[Black "Puranik, Abhimanyu"]
[WhiteElo "2478"]
[BlackElo "2640"]
[Round "1.1.57"]
[Result "0-1"]

1. d4 {[%clk 01:40:55] [%emt 00:00:05]} Nf6 {[%clk 01:40:48] [%emt 00:00:12]} 2.
c4 {[%clk 01:41:18] [%emt 00:00:07]} e6 {[%clk 01:40:58] [%emt 00:00:20]} 3. Nc3
{[%clk 01:41:40] [%emt 00:00:08]} d5 {[%clk 01:40:57] [%emt 00:00:31]} 4. cxd5
{[%clk 01:41:56] [%emt 00:00:14]} exd5 {[%clk 01:41:23] [%emt 00:00:04]} 5. Bf4
{[%clk 01:42:23] [%emt 00:00:04]} Bf5 {[%clk 01:40:53] [%emt 00:01:00]} 6. e3
{[%clk 01:42:20] [%emt 00:00:34]} c6 {[%clk 01:40:23] [%emt 00:01:00]} 7. f3
{[%clk 01:42:23] [%emt 00:00:27]} Nh5 {[%clk 01:39:23] [%emt 00:01:29]} 8. Bxb8
{[%clk 01:42:22] [%emt 00:00:32]} Rxb8 {[%clk 01:39:44] [%emt 00:00:10]} 9. g4
{[%clk 01:42:49] [%emt 00:00:02]} Qh4+ {[%clk 01:40:06] [%emt 00:00:07]} 10. Kd2
{[%clk 01:43:04] [%emt 00:00:14]} Ng3 {[%clk 01:40:28] [%emt 00:00:08]} 11. gxf5
{[%clk 01:43:22] [%emt 00:00:12]} Nxh1 {[%clk 01:40:54] [%emt 00:00:04]} 12. Nh3
{[%clk 01:43:47] [%emt 00:00:05]} Bd6 {[%clk 01:40:11] [%emt 00:01:13]} 13. Bg2
{[%clk 01:37:33] [%emt 00:06:44]} O-O {[%clk 01:40:21] [%emt 00:00:20]} 14. Qxh1
{[%clk 01:31:14] [%emt 00:06:49]} Rfe8 {[%clk 01:40:05] [%emt 00:00:47]} 15. Re1
{[%clk 01:20:34] [%emt 00:11:11]} Rbd8 {[%clk 01:36:35] [%emt 00:04:00]} 16. Re2
{[%clk 01:10:12] [%emt 00:10:52]} c5 {[%clk 01:11:04] [%emt 00:26:01]} 17. Qe1
{[%clk 00:59:27] [%emt 00:11:15]} Qh6 {[%clk 00:56:22] [%emt 00:15:11]} 18. Kc2
{[%clk 00:43:50] [%emt 00:16:09]} Bf8 {[%clk 00:42:58] [%emt 00:13:54]} 19. Qd2
{[%clk 00:29:06] [%emt 00:15:14]} Qc6 {[%clk 00:34:10] [%emt 00:09:17]} 20. Kb1
{[%clk 00:25:07] [%emt 00:04:29]} b5 {[%clk 00:34:00] [%emt 00:00:40]} 21. e4
{[%clk 00:22:31] [%emt 00:03:06]} dxe4 {[%clk 00:33:09] [%emt 00:01:21]} 22. d5
{[%clk 00:22:22] [%emt 00:00:40]} Qa6 {[%clk 00:23:42] [%emt 00:09:56]} 23. Rxe4
{[%clk 00:18:14] [%emt 00:04:38]} b4 {[%clk 00:22:05] [%emt 00:02:07]} 24. Nd1
{[%clk 00:15:41] [%emt 00:03:04]} c4 {[%clk 00:17:40] [%emt 00:04:56]} 25. Qe2
{[%clk 00:14:30] [%emt 00:01:41]} Qa4 {[%clk 00:17:17] [%emt 00:00:52]} 26. Nhf2
{[%clk 00:10:54] [%emt 00:04:07]} c3 {[%clk 00:16:13] [%emt 00:01:34]} 27. Qc2
{[%clk 00:03:33] [%emt 00:07:51]} Qa6 {[%clk 00:11:43] [%emt 00:04:58]} 28. Ne3
{[%clk 00:03:32] [%emt 00:00:33]} Bc5 {[%clk 00:11:43] [%emt 00:00:29]} 29. Nfd1
{[%clk 00:03:30] [%emt 00:00:32]} Rc8 {[%clk 00:10:46] [%emt 00:01:27]} 30. Bf1
{[%clk 00:03:03] [%emt 00:00:58]} Qb6 {[%clk 00:08:22] [%emt 00:02:51]} 31. Nc4
{[%clk 00:02:45] [%emt 00:00:51]} Qf6 {[%clk 00:08:43] [%emt 00:00:06]} 32. Nde3
{[%clk 00:02:19] [%emt 00:00:58]} Rcd8 {[%clk 00:04:35] [%emt 00:04:38]} 33. Bd3
{[%clk 00:01:16] [%emt 00:01:35]} h5 {[%clk 00:04:37] [%emt 00:00:27]} 34. Bf1
{[%clk 00:01:00] [%emt 00:00:46]} a5 {[%clk 00:03:27] [%emt 00:01:40]} 35. Qe2
{[%clk 00:01:15] [%emt 00:00:15]} Rf8 {[%clk 00:02:11] [%emt 00:01:46]} 36. Qc2
{[%clk 00:01:28] [%emt 00:00:17]} Rfe8 {[%clk 00:02:05] [%emt 00:00:36]} 37. Qe2
{[%clk 00:01:57] [%emt 00:00:01]} Qg5 {[%clk 00:02:07] [%emt 00:00:26]} 38. Qg2
{[%clk 00:01:28] [%emt 00:01:01]} Qh6 {[%clk 00:01:49] [%emt 00:00:49]} 39. Qe2
{[%clk 00:01:55] [%emt 00:00:02]} Kf8 {[%clk 00:02:08] [%emt 00:00:11]} 40. Qe1
{[%emt 00:01:42]} cxb2 {[%emt 00:17:34]} 41. Qg3 {[%emt 00:18:15]} Rc8 {[%emt
00:21:33]} 42. d6 {[%emt 00:00:16]} Red8 {[%emt 00:04:56]} 43. f6 {[%emt
00:00:12]} Qxf6 {[%emt 00:00:22]} 44. Qe5 {[%emt 00:09:22]} Qxe5 {[%emt
00:00:07]} 45. Rxe5 {[%emt 00:05:57]} Bxd6 {[%emt 00:01:57]} 46. Rxh5 {[%emt
00:03:15]} g6 {[%emt 00:00:31]} 47. Rxa5 {[%emt 00:00:44]} Bc5 {[%emt 00:07:30]}
48. Kxb2 {[%emt 00:01:06]} Bxe3 {[%clk 00:16:47] [%emt 00:00:06]} 49. Nxe3
{[%emt 00:00:05]} Rd2+ {[%emt 00:01:14]} 50. Kb1 {[%clk 00:00:34] [%emt
00:00:54]} Re8 51. Rd5 {[%emt 00:02:55]} Rf2 {[%emt 00:00:34]} 0-1

[Site "Europe Echecs"]

[Event "Grand Swiss "]
[Date "2025.09.04"]
[White "Salem, A.R. Saleh"]
[Black "Olisa, Tennyson Ewomazino"]
[WhiteElo "2640"]
[BlackElo "2287"]
[Round "1.1.58"]
[Result "1-0"]

1. d4 {[%clk 01:40:55] [%emt 00:00:04]} Nf6 {[%clk 01:40:36] [%emt 00:00:24]} 2.
c4 {[%clk 01:41:14] [%emt 00:00:11]} e6 {[%clk 01:41:00] [%emt 00:00:05]} 3. Nf3
{[%clk 01:41:38] [%emt 00:00:05]} Bb4+ {[%clk 01:40:56] [%emt 00:00:35]} 4. Nbd2
{[%clk 01:41:59] [%emt 00:00:09]} b6 {[%clk 01:39:33] [%emt 00:01:53]} 5. a3
{[%clk 01:42:14] [%emt 00:00:16]} Bxd2+ {[%clk 01:39:56] [%emt 00:00:07]} 6.
Qxd2 {[%clk 01:42:38] [%emt 00:00:05]} Bb7 {[%clk 01:36:36] [%emt 00:03:50]} 7.
e3 {[%clk 01:42:50] [%emt 00:00:15]} d6 {[%clk 01:32:44] [%emt 00:04:25]} 8. Be2
{[%clk 01:43:09] [%emt 00:00:11]} a5 {[%clk 01:29:16] [%emt 00:03:59]} 9. b3
{[%clk 01:43:25] [%emt 00:00:13]} Nbd7 {[%clk 01:29:12] [%emt 00:00:35]} 10. Bb2
{[%clk 01:41:15] [%emt 00:02:40]} Qe7 {[%clk 01:29:09] [%emt 00:00:33]} 11. Qc2
{[%clk 01:39:21] [%emt 00:02:24]} O-O {[%clk 01:13:07] [%emt 00:16:31]} 12. O-O
{[%clk 01:37:05] [%emt 00:02:46]} e5 {[%clk 01:12:59] [%emt 00:00:39]} 13. Rad1
{[%clk 01:30:27] [%emt 00:07:08]} Rfe8 {[%clk 01:09:08] [%emt 00:04:22]} 14.
Rfe1 {[%clk 01:24:12] [%emt 00:06:44]} Ne4 {[%clk 00:52:24] [%emt 00:17:14]} 15.
d5 {[%clk 01:19:21] [%emt 00:05:22]} f5 {[%clk 00:45:58] [%emt 00:06:56]} 16.
Nd2 {[%clk 01:19:35] [%emt 00:00:15]} Nxd2 {[%clk 00:44:19] [%emt 00:02:09]} 17.
Qxd2 {[%clk 01:16:37] [%emt 00:03:29]} Rf8 {[%clk 00:37:37] [%emt 00:07:12]} 18.
f4 {[%clk 01:14:15] [%emt 00:02:51]} Rae8 {[%clk 00:34:21] [%emt 00:03:45]} 19.
Bh5 {[%clk 01:13:51] [%emt 00:00:54]} g6 {[%clk 00:33:01] [%emt 00:01:51]} 20.
Bf3 {[%clk 01:13:57] [%emt 00:00:23]} g5 {[%clk 00:29:57] [%emt 00:03:35]} 21.
g3 {[%clk 01:10:42] [%emt 00:03:45]} Ba6 {[%clk 00:27:15] [%emt 00:03:12]} 22.
Qc2 {[%clk 01:02:15] [%emt 00:08:56]} Bb7 {[%clk 00:19:50] [%emt 00:07:55]} 23.
Re2 {[%clk 00:48:48] [%emt 00:13:57]} h6 {[%clk 00:05:03] [%emt 00:15:17]} 24.
h3 {[%clk 00:43:17] [%emt 00:05:58]} Qf7 {[%clk 00:03:06] [%emt 00:02:30]} 25.
Rf1 {[%clk 00:41:28] [%emt 00:02:19]} gxf4 {[%clk 00:01:26] [%emt 00:02:10]} 26.
gxf4 {[%clk 00:41:18] [%emt 00:00:37]} Kh8 {[%clk 00:01:31] [%emt 00:00:27]} 27.
Rg2 {[%clk 00:32:13] [%emt 00:09:34]} Rg8 {[%clk 00:01:39] [%emt 00:00:23]} 28.
Bg4 {[%clk 00:32:16] [%emt 00:00:27]} Nf6 {[%clk 00:00:41] [%emt 00:01:28]} 29.
fxe5 {[%clk 00:31:59] [%emt 00:00:47]} 1-0

[Site "Europe Echecs"]